<?xml version="1.0" encoding="UTF-8"?>
<collection xmlns="http://www.loc.gov/MARC21/slim">
<record>
  <controlfield tag="001">170120</controlfield>
  <controlfield tag="005">20260318155255.0</controlfield>
  <datafield tag="024" ind1="7" ind2=" ">
    <subfield code="2">doi</subfield>
    <subfield code="a">10.2196/46893</subfield>
  </datafield>
  <datafield tag="024" ind1="8" ind2=" ">
    <subfield code="2">sideral</subfield>
    <subfield code="a">148531</subfield>
  </datafield>
  <datafield tag="037" ind1=" " ind2=" ">
    <subfield code="a">ART-2023-148531</subfield>
  </datafield>
  <datafield tag="041" ind1=" " ind2=" ">
    <subfield code="a">eng</subfield>
  </datafield>
  <datafield tag="100" ind1=" " ind2=" ">
    <subfield code="a">Labarta, José I.</subfield>
    <subfield code="u">Universidad de Zaragoza</subfield>
    <subfield code="0">(orcid)0000-0003-2832-2266</subfield>
  </datafield>
  <datafield tag="245" ind1=" " ind2=" ">
    <subfield code="a">Evaluating the Usefulness and Ease of Use of a Next-Generation–Connected Drug Delivery Device for Growth Hormone Therapy: Qualitative Study of Health Care Professionals’ Perceptions</subfield>
  </datafield>
  <datafield tag="260" ind1=" " ind2=" ">
    <subfield code="c">2023</subfield>
  </datafield>
  <datafield tag="520" ind1="3" ind2=" ">
    <subfield code="a">Background: Digital solutions targeting children’s health have become an increasingly important element in the provision of integrated health care. For the treatment of growth hormone deficiency (GHD), a unique connected device is available to facilitate the delivery of recombinant human growth hormone (r-hGH) by automating the daily injection process and collecting injection data such that accurate adherence information is available to health care professionals (HCPs), caregivers, and patients. The adoption of such digital solutions requires a good understanding of the perspectives of HCPs as key stakeholders because they leverage data collection and prescribe these solutions to their patients.
Objective: This study aimed to evaluate the third generation of the easypod device (EP3) for the delivery of r-hGH treatment from the HCP perspective, with a focus on perceived usefulness and ease of use.
Methods: A qualitative study was conducted, based on a participatory workshop conducted in Zaragoza, Spain, with 10 HCPs experienced in the management of pediatric GHD from 7 reference hospitals in Spain. Several activities were designed to promote discussion among participants about predefined topics based on the Technology Acceptance Model and the Unified Theory of Acceptance and Use of Technology to provide their perceptions about the new device.
Results: Participants reported 2 key advantages of EP3 over previous easypod generations: the touch screen interface and the real-time data transmission functionality. All participants (10/10, 100%) agreed that the new device should be part of a digital health ecosystem that provides complementary functionalities including data analysis.
Conclusions: This study explored the perceived value of the EP3 autoinjector device for the treatment of GHD by HCPs. HCPs rated the new capabilities of the device as having substantial improvements and concluded that it was highly recommendable for clinical practice. EP3 will enhance decision-making and allow for more personalized care of patients receiving r-hGH.</subfield>
  </datafield>
  <datafield tag="506" ind1="0" ind2=" ">
    <subfield code="a">Access copy available to the general public</subfield>
    <subfield code="f">Unrestricted</subfield>
  </datafield>
  <datafield tag="540" ind1=" " ind2=" ">
    <subfield code="9">info:eu-repo/semantics/openAccess</subfield>
    <subfield code="a">by</subfield>
    <subfield code="u">https://creativecommons.org/licenses/by/4.0/deed.es</subfield>
  </datafield>
  <datafield tag="592" ind1=" " ind2=" ">
    <subfield code="a">0.777</subfield>
    <subfield code="b">2023</subfield>
  </datafield>
  <datafield tag="593" ind1=" " ind2=" ">
    <subfield code="a">Human Factors and Ergonomics</subfield>
    <subfield code="c">2023</subfield>
    <subfield code="d">Q2</subfield>
  </datafield>
  <datafield tag="593" ind1=" " ind2=" ">
    <subfield code="a">Health Informatics</subfield>
    <subfield code="c">2023</subfield>
    <subfield code="d">Q2</subfield>
  </datafield>
  <datafield tag="594" ind1=" " ind2=" ">
    <subfield code="a">3.4</subfield>
    <subfield code="b">2023</subfield>
  </datafield>
  <datafield tag="655" ind1=" " ind2="4">
    <subfield code="a">info:eu-repo/semantics/article</subfield>
    <subfield code="v">info:eu-repo/semantics/publishedVersion</subfield>
  </datafield>
  <datafield tag="700" ind1=" " ind2=" ">
    <subfield code="a">Dimitri, Paul</subfield>
  </datafield>
  <datafield tag="700" ind1=" " ind2=" ">
    <subfield code="a">Keiser, Matthew</subfield>
  </datafield>
  <datafield tag="700" ind1=" " ind2=" ">
    <subfield code="a">Koledova, Ekaterina</subfield>
  </datafield>
  <datafield tag="700" ind1=" " ind2=" ">
    <subfield code="a">Rivera-Romero, Octavio</subfield>
  </datafield>
  <datafield tag="710" ind1="2" ind2=" ">
    <subfield code="1">1011</subfield>
    <subfield code="2">670</subfield>
    <subfield code="a">Universidad de Zaragoza</subfield>
    <subfield code="b">Dpto. Microb.Ped.Radio.Sal.Pú.</subfield>
    <subfield code="c">Área Pediatría</subfield>
  </datafield>
  <datafield tag="773" ind1=" " ind2=" ">
    <subfield code="g">10 (2023), e46893 [15 pp.]</subfield>
    <subfield code="t">JMIR Human Factors</subfield>
    <subfield code="x">2292-9495</subfield>
  </datafield>
  <datafield tag="856" ind1="4" ind2=" ">
    <subfield code="s">1058570</subfield>
    <subfield code="u">http://zaguan.unizar.es/record/170120/files/texto_completo.pdf</subfield>
    <subfield code="y">Versión publicada</subfield>
  </datafield>
  <datafield tag="856" ind1="4" ind2=" ">
    <subfield code="s">2262602</subfield>
    <subfield code="u">http://zaguan.unizar.es/record/170120/files/texto_completo.jpg?subformat=icon</subfield>
    <subfield code="x">icon</subfield>
    <subfield code="y">Versión publicada</subfield>
  </datafield>
  <datafield tag="909" ind1="C" ind2="O">
    <subfield code="o">oai:zaguan.unizar.es:170120</subfield>
    <subfield code="p">articulos</subfield>
    <subfield code="p">driver</subfield>
  </datafield>
  <datafield tag="951" ind1=" " ind2=" ">
    <subfield code="a">2026-03-18-13:52:43</subfield>
  </datafield>
  <datafield tag="980" ind1=" " ind2=" ">
    <subfield code="a">ARTICLE</subfield>
  </datafield>
</record>
</collection>